000 00466nam a2200181Ia 4500
003 GCL
008 140319s9999 xx 000 0 eng d
040 _aGCL /
_cGCL
082 0 4 _a415
_bL V
100 1 _aHORNAK, LAWRENCE A.
245 1 0 _aVERB MOVEMENT /
_cHORNAK, LAWRENCE A.
700 1 _aLIGHTFOOT, DAVID
260 _a[S.N] :
_bCAMBRIDGE UNIVERSITY PRESS ،
_c1994
300 _a388 P
650 0 4 _aGRAMMAR
650 0 4 _aENGLISH LANGUAGE
942 _2ddc
_cBK
999 _c24133
_d24133